| 000 | 00733nam a2200289Ia 4500 | ||
|---|---|---|---|
| 005 | 20260324120914.0 | ||
| 008 | 008 260324s9999 xx 000 0 eng d | ||
| 020 | _a9780203149041 | ||
| 037 | _aEBOOK | ||
| 040 | _aCRL | ||
| 040 | _beng | ||
| 040 | _cCRL | ||
| 041 | _2eng | ||
| 041 | _aeng | ||
| 084 | _qCRL | ||
| 100 |
_aNancy A. Burrell; Mike Allen; Barbara Mae Gayle; Raymond W. Preiss _91160422 |
||
| 245 | 0 | _aManaging Interpersonal Conflict | |
| 245 | 0 | _bAdvances through Meta-Analysis | |
| 260 | _bTaylor and Francis | ||
| 260 | _c2014 | ||
| 365 | _a | ||
| 365 | _b290 | ||
| 856 | _uhttp://www.taylorfrancis.com/books/9780203149041 | ||
| 942 | _cEBOOK | ||
| 999 |
_c1752206 _d1752206 |
||